000 00489nam a22001697a 4500
008 131022t sp||||| |||| 00| 0 spa d
020 _a8449315735
050 0 4 _aML3838
_bS43 2004
100 1 _aSeca, Jean-Marie
245 1 3 _aLos músicos underground
_cJean-Marie Seca.
260 _aEspaña :
_bPaidós,
_c2004
300 _a254 p.
_c23 cm.
440 0 _aPaidós de música
504 _aIncluye bibliografía e índice
_bp. 229-241
650 4 _aMúsica
_xSociología
942 _2lcc
_cLIB
999 _c43694
_d43694